Responses for show #7909 - Thursday, January 17, 2019

Contestants

Caroline Cawley, a research associate from San Mateo, California

Frank Orlando, a professor from Wesley Chapel, Florida

John Presloid, a microbiologist from Perrysburg, Ohio (whose 1-day cash winnings total $12,000)

Jeopardy! Round responses

STATES & PROVINCES
A TROPHY CATEGORY
HOLY THIS!
"C" IN COOKING
FER SURE, IT WAS THE '80s
ITALIAN ON VACATION
    $200 1
Quebec

Frank
    $200 27
the Daytona 500

Frank
    $200 11
smokes

John
    $200 6
canola oil

Caroline
    $200 17
Halley's Comet

Frank
    $200 21
a lawyer

Caroline
    $400 2
Vermont

Frank
    $400 28
the Heisman Trophy

Frank
    $400 12
cross

John
    $400 7
a chafing dish

John
    $400 22
Tiananmen

John
    $400 25
a novel

Frank
    $600 3
New Brunswick

Caroline
    $600 29
Tiffany's

John
    $600 13
mackerel

John
    $600 8
cannoli

John
    $600 23
nothing

John
    $600 26
the bill (or the check)

Frank
    $800 4
Indiana

Frank
    $800 16
the Stanley Cup

Caroline
    $800 14
holy roller

Caroline
    $800 9
chicory

Caroline
    $4,000 20
(Manuel) Noriega

John
    $800 19
ninety

John
    $1000 5
Chiapas

Caroline
    $1000 30
the Masters

John
    $1000 15
Toledo

John
    $1000 10
chateaubriand

Triple Stumper
    $1000 24
(George H.W.) Bush and Ferraro

John
    $1000 18
(Caroline: What are museums?)

churches

FrankCaroline

Scores at the first commercial break (after clue 15):

John Frank Caroline
$3,200 $1,400 $3,400

Scores at the end of the Jeopardy! Round:

John Frank Caroline
$11,600 $4,200 $3,400

Double Jeopardy! Round responses

THE WORLD THROUGH LITERATURE
GENERATION "Y"
CHEMISTRY
BIBLICAL FILMS
BEARD MAN
OF ALCATRAZ
    $400 24
India

John
    $400 29
a Yalie

Caroline
    $400 17
compound

John
    $400 30
Noah

John
    $400 1
Castro

John
    $400 28
San Francisco Bay

John
    $800 21
South Africa

Frank
    $800 25
Yoda

Caroline
    $800 18
noble (or inert) gases

Caroline
    $800 12
The Ten Commandments

Frank
    $800 27
the Holy Roman Emperor

Frank
    $800 26
(Alex: We're running out of time.)

the Spanish-American War

Frank
    $1200 16
the Decameron

Triple Stumper
    $1200 7
a yearling

Frank
    $1200 4
a catalyst

John
    $1200 9
Goliath

Frank
    $1200 3
Blackbeard

John
    $1200 13
Burt Lancaster

Triple Stumper
    $1600 15
(Caroline: What is The Last Samurai?)

Shogun

Caroline
Triple Stumper
    $1600 6
yeoman warder

Triple Stumper
    $6,000 5
mass

John
    $1600 10
Mary Magdalene

Caroline
    $1600 2
Key West

John
    $1600 8
(George) Kelly

John
    $2000 20
(John: What is Peru?)
[ERRATUM: The title of the work is In the Time of the Butterflies.]

the Dominican Republic

John
Triple Stumper
    $2000 23
yakuza

Caroline
    $2000 19
(Caroline: Oh, sorry. No.)

ammonia

Caroline
Triple Stumper
    $2000 11
Christian Bale

Caroline
    $4,000 22
Sophocles

Frank
    $2000 14
(Frank: Who is Winfield Scott?)

(John C.) Fremont

JohnFrank

Scores at the end of the Double Jeopardy! Round:

John Frank Caroline
$25,200 $11,800 $7,400
(lock game)

[wagering suggestions for these scores]

Final Jeopardy! Round responses

CONTEMPORARY ART
(Alex: Got a lot of publicity. Sold for over a million dollars and then ba-boom!)
...
(Alex: [To Caroline] Yes, the artwork shredded right after the hammer came down.)
CarolineWho is Banksy? ☺
$4,401
FrankWho is Pollock?
$3,001
JohnWho is Banksy?
$0
Banksy

Final scores:

John Frank Caroline
$25,200 $8,799 $11,801
2-day champion: $37,200 3rd place: $1,000 2nd place: $2,000

Game dynamics:

Coryat scores:

John Frank Caroline
$17,600 $9,800 $7,400
24 R
(including 2 DDs),
1 W
16 R
(including 1 DD),
1 W
13 R,
3 W

Combined Coryat: $34,800

The J! Archive is created by fans, for fans. The Jeopardy! game show and all elements thereof, including but not limited to copyright and trademark thereto, are the property of Jeopardy Productions, Inc. and are protected under law. This website is not affiliated with, sponsored by, or operated by Jeopardy Productions, Inc. Join the discussion at JBoard.tv.